000 00323nam a2200133 i 4500
001 bg
100 1 _aMOLSKI, Marian
245 0 _aModułowe i mikroprogramowalne układy cyfrowe /
_cM. Molski.
260 _aWarszawa,
_c1986.
040 _cBPK
041 _apol
942 _cKS
008 s pl f |000 0 pol
999 _c23457
_d23457
856 _uhttp://koha.tu.koszalin.pl/cgi-bin/koha/opac-detail.pl?biblionumber=23457
_yKatalog online BPK